书目信息 |
| 题名: |
办公室的故事
|
|
| 作者: | 赵昆 编绘 | |
| 分册: | ||
| 出版信息: | 北京 印刷工业出版社 2006.04 |
|
| 页数: | 136页 | |
| 开本: | 18×18cm | |
| 丛书名: | ||
| 单 册: | ||
| 中图分类: | J228.2 | |
| 科图分类: | ||
| 主题词: | 漫画--man hua--中国--现代--画册 | |
| 电子资源: | ||
| ISBN: | 7-80000-531-3 | |
| 000 | 00813nam0 2200241 450 | |
| 001 | 012008205468 | |
| 005 | 20080314144735.56 | |
| 010 | @a7-80000-531-3@dCNY16.80 | |
| 100 | @a20080314d2006 km y0chiy0120 ea | |
| 101 | 0 | @achi |
| 102 | @aCN@b110000 | |
| 105 | @aa t 000yy | |
| 106 | @ar | |
| 200 | 1 | @a办公室的故事@Aban gong shi de gu shi@d= Stories in the office@f赵昆编绘@Fzhao kun bian hui@zeng |
| 210 | @a北京@c印刷工业出版社@d2006.04 | |
| 215 | @a136页@c图@d18×18cm | |
| 330 | @a紧张、激烈、沉重的办公室生活,间或诵动起轻松、幽默、令人捧腹大笑的旋律。或讽刺、或哲理,全在您的口味! | |
| 510 | 1 | @aStories in the office@zeng |
| 606 | 0 | @a漫画@Aman hua@y中国@z现代@j画册 |
| 690 | @aJ228.2@v4 | |
| 701 | 0 | @a赵昆@Azhao kun@4编绘 |
| 801 | 0 | @aCN@bQSSK@c20080314 |
| 905 | @b20283942-44@dJ228.2@eZ305@f3 | |
| 办公室的故事= Stories in the office/赵昆编绘.-北京:印刷工业出版社,2006.04 |
| 136页:图;18×18cm |
| ISBN 7-80000-531-3:CNY16.80 |
| 紧张、激烈、沉重的办公室生活,间或诵动起轻松、幽默、令人捧腹大笑的旋律。或讽刺、或哲理,全在您的口味! |
| ● |
| 相关链接 |
|
|
|
正题名:办公室的故事
索取号:J228.2/Z305
 
预约/预借
| 序号 | 登录号 | 条形码 | 馆藏地/架位号 | 状态 | 备注 |
| 1 | 283942 | 202839429 | 社科库309/309社科库 77排2列4层/ [索取号:J228.2/Z305] | 在馆 | |
| 2 | 283943 | 202839438 | 社科库309/309社科库 77排2列4层/ [索取号:J228.2/Z305] | 在馆 | |
| 3 | 283944 | 202839447 | 社科库309/309社科库 77排2列4层/ [索取号:J228.2/Z305] | 在馆 |